Polscy medaliści mistrzostw świata 2009 w Berlinie - Statystyki

Ogólne statystyki
  • Ten quiz został rozwiązany 64 razy
  • Średni wynik to 7 z 9
Statystyki odpowiedzi
Konkurencja Medalista Medal % Poprawnych
Skok o tyczce Monika Pyrek Srebro
95%
Rzut młotem Anita Włodarczyk Złoto
89%
Rzut dyskiem Piotr Małachowski Srebro
89%
Skok o tyczce Anna Rogowska Złoto
84%
Rzut młotem Szymon Ziółkowski Srebro
84%
Pchnięcie kulą Tomasz Majewski Srebro
84%
Skok wzwyż Sylwester Bednarek Brąz
74%
Chód na 50 km Grzegorz Sudoł Brąz
58%
Siedmiobój Kamila Chudzik Brąz
47%
Nie znaleziono quizów pasujących do podanych kryteriów
Rozkład punktacji
Procent ludzi z każdym wynikiem
Percentyl według liczby udzielonych odpowiedzi
Twoja historia wyników
Nie rozwiązałeś tego quizu